00288nam a2200133Ia 45000030006000000080041000060400015000471000019000622450025000812500010001062600009001165460012001250050017001370STCL150530s9999 xx 000 0 und d aSTCLcSTCL aHilda Seligman aWhen Peacocks called aThird c1952 aEnglish20220125171030.0